| 000 | 00686cab a2200229 4500 | ||
|---|---|---|---|
| 001 | WB3410-29 | ||
| 008 | 090401t1998 xxu||||| |||| 00| 0 eng d | ||
| 035 | _a(Sirsi) u84858 | ||
| 041 | _aeng | ||
| 245 | _aLock-out agreements | ||
| 260 | _c1998 | ||
| 350 | _a0 | ||
| 490 |
_aEstate Agency News _v(132) March 1998, 13(1) |
||
| 520 | _aLooks at lock-out agreements with reference to two cases, "Walford and others v Miles and another" and "Pitt v PHH Asset Management Ltd". | ||
| 650 | _aHOUSE PURCHASE | ||
| 650 | _aLOCK-OUT AGREEMENTS | ||
| 650 | _aPITT V PHH ASSET MANAGEMENT LTD | ||
| 650 | _aWALFORD V MILES | ||
| 690 | _aHOUSING | ||
| 942 | _n0 | ||
| 948 | _c13/03/1998 | ||
| 999 |
_c53364 _d53364 |
||